|
|
|
|
| LEADER |
00000cam a2200000 a 4500 |
| 001 |
vtls010496520 |
| 003 |
SK-MaSNL |
| 005 |
20260331205704.0 |
| 008 |
160830s2012 xo ao g 000 0dslo |
| 015 |
|
|
|a SNBA2013/04
|
| 020 |
|
|
|a 9788081003196 (brož.)
|
| 035 |
|
|
|a 293A69BC-FB37-432A-B6DE-CF620B394665
|
| 035 |
|
|
|a urn:nbn:sk:snk-amldzc
|
| 035 |
|
|
|a urn:nbn:sk:snk-am008zk9
|
| 040 |
|
|
|a SNK
|b slo
|c SNK
|e AACR2
|
| 041 |
0 |
|
|a slo
|
| 044 |
|
|
|a xo
|c SK
|
| 072 |
|
7 |
|a 615.8
|x Fyzioterapia. Psychoterapia. Alternatívna medicána
|2 konspekt
|
| 080 |
|
|
|a 615.8
|2 2001
|
| 080 |
|
|
|a 615.89-051
|2 2001
|
| 080 |
|
|
|a (437.6)
|2 2001
|
| 080 |
|
|
|a (035)
|2 2001
|
| 100 |
1 |
|
|a Svet, Olianna
|4 pht
|9 275161
|
| 245 |
1 |
0 |
|a Liečitelia
|b 96 overených
|c Olianna Svet ; [fotografie: Daniel Zachar]
|
| 250 |
|
|
|a 2. vyd.
|
| 260 |
|
|
|a Bratislava
|b Eugenika
|c 2012
|
| 300 |
|
|
|a 241 s.
|b fotogr., ilustr.
|c 22 cm
|
| 650 |
0 |
7 |
|a alternatívna medicína
|2 SNKPH
|9 901
|
| 650 |
0 |
7 |
|a Alternative medicine
|2 SNKPHeng
|9 313599
|
| 650 |
0 |
7 |
|a Healing
|2 SNKPHeng
|9 319312
|
| 650 |
0 |
7 |
|a Folk healers
|2 SNKPHeng
|9 484966
|
| 650 |
0 |
7 |
|a liečiteľstvo
|2 SNKPH
|9 71652
|
| 650 |
0 |
7 |
|a ľudoví liečitelia
|2 SNKPH
|9 85321
|
| 651 |
|
7 |
|a Slovensko
|2 SNKPH
|9 14231
|
| 651 |
|
7 |
|a Slovakia
|2 SNKPHeng
|9 92630
|
| 655 |
|
7 |
|a príručky
|2 SNKPH
|9 74364
|
| 655 |
|
7 |
|a Handbooks, manuals, etc.
|2 SNKPHeng
|9 90964
|
| 700 |
1 |
|
|a Zachar, Daniel,
|d 1950-
|4 pht
|9 167407
|
| 852 |
|
|
|a Štátna vedecká knižnica v Banskej Bystrici
|
| 919 |
|
|
|a 978-80-8100-319-6
|
| 958 |
|
|
|a OND
|
| 958 |
|
|
|a MI
|
| 958 |
|
|
|a BX
|
| 999 |
|
|
|c 752839
|d 754769
|
| 952 |
|
|
|a SNK
|b SNK
|y PREZ
|7 0
|p 17A1066935
|o snkSC 153970
|i snk2013/8488
|8 0
|0 0
|1 0
|4 0
|d 2013-04-15
|f 1
|l 0
|r 2025-07-24 00:00:00
|w 2026-02-23
|
| 952 |
|
|
|a SNK
|b SNK
|y VYP
|7 0
|p 17A1066936
|o snkSC 153970 D1
|i snk2013/8489
|8 0
|0 0
|1 0
|4 0
|d 2013-04-15
|l 0
|r 2026-02-23 23:38:15
|w 2026-02-23
|